[Event "Florence op 13th"]
[Site "Florence"]
[Date "2005.12.11"]
[Round "6"]
[White "Mattei, Marco"]
[Black "Gazzarri, Alberto"]
[Result "1/2-1/2"]
[WhiteElo "2101"]
[BlackElo "2158"]
[PlyCount "57"]
[EventDate "2005.12.03"]
[EventType "swiss"]
[EventRounds "6"]
[EventCountry "ITA"]
[SourceTitle "EXT 2007"]
[Source "ChessBase"]
[SourceDate "2006.11.23"]
[SourceVersion "1"]
[SourceVersionDate "2006.11.23"]
[SourceQuality "1"]

1. e4 e5 2. Nf3 Nc6 3. Bb5 Bc5 4. 0-0 Nd4 5. Nxd4 Bxd4 6. c3 Bb6 7. a4 c6 8. Be2 d6 9. Kh1 Ne7 10. d4 0-0 11. Be3 Ng6 12. Na3 Qe7 13. f3 exd4 14. cxd4 Kh8 15. Qd2 d5 16. e5 f6 17. a5 Bc7 18. f4 Bf5 19. Rac1 a6 20. Rc5 Bb8 21. b4 Ba7 22. Rcc1 fxe5 23. fxe5 Be4 24. Bf3 Bxf3 25. gxf3 Rf5 26. Nc2 Raf8 27. Ne1 Nf4 28. Ng2 Ne6 29. f4 1/2-1/2